000 00530nam a2200193 i 4500
001 bg
245 0 _aFinite Element Techniques in Structural Mechanics.
250 _aEd. by H. Tottenham, S. Brebbia.
260 _aSouthampton :
_bStress Analysis Publ.,
_c1970.
300 _aXI, 301 s. :
_brys., tab.
504 _a[Zawiera bibliogr.].
700 1 _aTOTTENHAM, H.
700 1 _aBRABBIA, S.
040 _cBPK
041 _apol
080 _a624:539.3/.6:519.6
942 _cKS
008 s pl f |000 0 pol
999 _c26369
_d26369
856 _uhttp://koha.tu.koszalin.pl/cgi-bin/koha/opac-detail.pl?biblionumber=26369
_yKatalog online BPK